|
|
|
|
| LEADER |
00683nab a2200181 i 4500 |
| 001 |
tisza19749 |
| 005 |
20200331091957.0 |
| 008 |
161111s2007 hu o 0|| hun d |
| 022 |
|
|
|a 0133-1167
|
| 040 |
|
|
|a SZTE Tiszatáj Archívum
|b hun
|
| 041 |
|
|
|a hun
|
| 100 |
1 |
|
|a Tverdota György
|
| 245 |
1 |
0 |
|a Hegel öröksége és József Attila
|h [elektronikus dokumentum] /
|c Tverdota György
|
| 260 |
|
|
|c 2007
|
| 300 |
|
|
|a 57-63
|
| 490 |
0 |
|
|a Tiszatáj
|v 61 No. 6
|
| 695 |
|
|
|a Magyar irodalom - költészet - recepció - 20. sz., Filozófia - hatása, József Attila, Hegel, Georg Wilhelm Friedrich
|
| 856 |
4 |
0 |
|u http://tiszataj.bibl.u-szeged.hu/19749/1/tiszataj_2007_006_057-063.pdf
|z Dokumentum-elérés
|